[Event "XIII Open A"]
[Site "Bergamo ITA"]
[Date "2014.07.19"]
[Round "3"]
[White "Allaert, Dimitri"]
[Black "Hamitevici, Vladimir"]
[WhiteElo "2136"]
[BlackElo "2457"]
[Result "0-1"]
[PlyCount "36"]
[EventDate "2014.07.18"]

1. e4 c5 2. Nf3 e6 3. d3 Nc6 4. g3 g6 5. Bg2 Bg7 6. O-O Nge7 7. Re1 O-O 8. c3
e5 9. Be3 d6 10. d4 exd4 11. cxd4 Bg4 12. dxc5 Bxf3 13. Bxf3 Bxb2 14. Nd2 Bxa1
15. Qxa1 dxc5 16. Nb3 Qc7 17. Bh6 Qe5 18. Nxc5 Nd4 0-1

[Event "XIII Open A"]
[Site "Bergamo ITA"]
[Date "2014.07.19"]
[Round "3"]
[White "Georgiev, Kiril D."]
[Black "Guanciale, Orazio"]
[WhiteElo "2631"]
[BlackElo "2148"]
[Result "1-0"]
[PlyCount "40"]
[EventDate "2014.07.18"]

1. d4 f5 2. g3 Nf6 3. Bg2 g6 4. Nh3 Bg7 5. Nf4 Nc6 6. d5 Ne5 7. Nc3 O-O 8. h4
c6 9. h5 Qe8 10. b3 d6 11. Bb2 Bd7 12. Qd2 Rd8 13. hxg6 hxg6 14. O-O-O e6 15.
e4 fxe4 16. dxe6 Bxe6 17. Nxe4 Nxe4 18. Bxe4 Bf5 19. f3 d5 20. Qh2 Rf7 1-0

[Event "XIII Open A"]
[Site "Bergamo ITA"]
[Date "2014.07.19"]
[Round "3"]
[White "Korneev, Oleg"]
[Black "Wantiez, Fabrice"]
[WhiteElo "2594"]
[BlackElo "2299"]
[Result "1-0"]
[PlyCount "55"]
[EventDate "2014.07.18"]

1. e4 e5 2. Nf3 Nc6 3. Bc4 g6 4. d4 exd4 5. Nxd4 Bg7 6. Nxc6 bxc6 7. O-O Ne7 8.
Nc3 O-O 9. Be3 d6 10. Bd4 Be6 11. Bxg7 Kxg7 12. Bb3 c5 13. f4 Qc8 14. Qd3 Rb8
15. Rae1 Rb4 16. a3 Rb8 17. f5 gxf5 18. exf5 Nxf5 19. Ne4 Bxb3 20. cxb3 f6 21.
Ng3 Nxg3 22. Qxg3+ Kh8 23. Re7 Rg8 24. Rxh7+ Kxh7 25. Qh4+ Kg7 26. Qxf6+ Kh7
27. Qh4+ Kg7 28. Qg5+ 1-0

[Event "XIII Open A"]
[Site "Bergamo ITA"]
[Date "2014.07.19"]
[Round "3"]
[White "Lagumina, Giulio"]
[Black "Spiesberger, Gerhard"]
[WhiteElo "2337"]
[BlackElo "2102"]
[Result "1/2-1/2"]
[PlyCount "98"]
[EventDate "2014.07.18"]

1. e4 d5 2. exd5 Qxd5 3. Nc3 Qe5+ 4. Be2 Bg4 5. d4 Bxe2 6. Ngxe2 Qh5 7. Bf4 c6
8. Qd3 Nf6 9. O-O-O e6 10. Be5 Nbd7 11. f4 O-O-O 12. Ng3 Qg6 13. Qf3 Be7 14.
Kb1 Nxe5 15. dxe5 Nd5 16. Nce4 f5 17. exf6 Bxf6 18. Nc5 Be7 19. Nd3 Rhf8 20.
Ne4 Qh6 21. g3 g5 22. c4 Nc7 23. Qe3 gxf4 24. Qxa7 Qg6 25. Rhe1 f3 26. Ka1 Rxd3
27. Rxd3 f2 28. Nxf2 Rxf2 29. Qxf2 Qxd3 30. a3 Qxc4 31. Qf7 Kd7 32. Qxh7 b5 33.
Qe4 Qb3 34. Re3 Qd1+ 35. Ka2 Qh5 36. h4 b4 37. axb4 Qb5 38. Kb3 Nd5 39. Qxe6+
Kc7 40. Qe5+ Kb7 41. Rf3 Qxb4+ 42. Kc2 Qc5+ 43. Kd1 Qg1+ 44. Ke2 Bb4 45. Rf7+
Ka6 46. Rf1 Qg2+ 47. Rf2 Qg1 48. Rf1 Qg2+ 49. Rf2 Qg1 1/2-1/2

[Event "XIII Open A"]
[Site "Bergamo ITA"]
[Date "2014.07.19"]
[Round "3"]
[White "Player, Edmund C."]
[Black "Migliorini, Matteo"]
[WhiteElo "2249"]
[BlackElo "2082"]
[Result "1-0"]
[PlyCount "97"]
[EventDate "2014.07.18"]

1. e4 c5 2. Nf3 d6 3. Bc4 Nc6 4. c3 Nf6 5. Qe2 e6 6. O-O Be7 7. Bb3 O-O 8. d4
Qc7 9. h3 b6 10. Bg5 Bb7 11. Nbd2 d5 12. e5 Ne4 13. Bxe7 Qxe7 14. Bc2 Nxd2 15.
Qxd2 cxd4 16. cxd4 Ba6 17. Rfc1 Rac8 18. a3 Na5 19. b4 Nc4 20. Qf4 Nb2 21. Rab1
Nd3 22. Bxd3 Bxd3 23. Rb3 Be4 24. Rbc3 Qd7 25. Nh2 Rxc3 26. Rxc3 Rc8 27. Qc1
Rxc3 28. Qxc3 h6 29. Ng4 Kh7 30. Ne3 Bg6 31. Nd1 Qa4 32. Ne3 Qa6 33. Nf1 Qc4
34. Qe3 Bd3 35. Ng3 g6 36. Kh2 Qc2 37. Qf4 Bf5 38. Nxf5 Qxf5 39. Qxf5 exf5 40.
Kg3 Kg7 41. Kf4 f6 42. h4 h5 43. exf6+ Kxf6 44. b5 Ke6 45. Kg5 Kf7 46. Kh6 Kf6
47. f4 Kf7 48. Kh7 Kf6 49. Kh8 1-0

[Event "XIII Open A"]
[Site "Bergamo ITA"]
[Date "2014.07.19"]
[Round "3"]
[White "Rombaldoni, Axel"]
[Black "Cattaneo, Marco"]
[WhiteElo "2505"]
[BlackElo "2141"]
[Result "1-0"]
[PlyCount "69"]
[EventDate "2014.07.18"]

1. d4 Nf6 2. c4 g6 3. g3 Bg7 4. Bg2 O-O 5. Nf3 d6 6. O-O Nc6 7. Nc3 a6 8. d5
Na5 9. Qd3 c5 10. Rb1 e5 11. e4 b6 12. Nd2 Nh5 13. Qe2 f5 14. exf5 Bxf5 15.
Nde4 Qd7 16. b4 Nb7 17. bxc5 bxc5 18. Rxb7 Qxb7 19. Nxd6 Qb4 20. Bd2 Qb2 21.
Nxf5 gxf5 22. Rb1 Qc2 23. Rc1 Qb2 24. Rb1 Qc2 25. Rc1 Qb2 26. Na4 Qxa2 27. Qd1
e4 28. Nxc5 Rf7 29. Ne6 Be5 30. Be3 Nf6 31. Bh3 Bb2 32. Qc2 Rc8 33. Bd4 Nxd5
34. Bxb2 Rb7 35. Be5 1-0

[Event "XIII Open A"]
[Site "Bergamo ITA"]
[Date "2014.07.19"]
[Round "3"]
[White "Solomon, Kenny"]
[Black "Bardone, Lorenzo"]
[WhiteElo "2376"]
[BlackElo "2018"]
[Result "1-0"]
[PlyCount "115"]
[EventDate "2014.07.18"]

1. d4 Nf6 2. Nf3 g6 3. c4 Bg7 4. g3 d5 5. cxd5 Nxd5 6. Bg2 Nb6 7. O-O Nc6 8. e3
O-O 9. Nc3 e5 10. d5 Na5 11. e4 c6 12. d6 Bg4 13. b3 c5 14. Ba3 Rc8 15. Nb5 Rc6
16. Nxa7 Rxd6 17. Qc2 Bxf3 18. Bxf3 Rf6 19. Bg4 Nc6 20. Nxc6 Rxc6 21. h4 h5 22.
Bh3 Qc7 23. Rad1 Ra8 24. Bc1 c4 25. Be3 Ra3 26. b4 Bf8 27. b5 Rf6 28. Bc1 Ra5
29. Bg5 Rf3 30. Kg2 Rfa3 31. Bd8 Qc5 32. Bxb6 Qxb6 33. Qxc4 Qxb5 34. Be6 Qxc4
35. Bxc4 Rc3 36. Bb3 Rc7 37. Rd3 Bc5 38. Rc1 b6 39. Rd5 Re7 40. Rcd1 Bd4 41.
Rd6 Kg7 42. f4 Bc5 43. Rd7 exf4 44. gxf4 Ra7 45. Rxa7 Rxa7 46. Kg3 f6 47. Rd8
Re7 48. Kf3 Bg1 49. Rc8 Rd7 50. f5 Bc5 51. Rg8+ Kh7 52. fxg6+ Kh6 53. Bf7 Bd4
54. Rh8+ Kg7 55. Rxh5 Be5 56. Rh7+ Kf8 57. g7+ Kxf7 58. g8=Q+ 1-0

[Event "XIII Open A"]
[Site "Bergamo ITA"]
[Date "2014.07.19"]
[Round "3"]
[White "Spornberger, Maximilian"]
[Black "Dvirnyy, Danyyil"]
[WhiteElo "2282"]
[BlackElo "2529"]
[Result "0-1"]
[PlyCount "78"]
[EventDate "2014.07.18"]

1. e4 e5 2. Nf3 Nc6 3. d4 exd4 4. Bc4 Bc5 5. c3 Nf6 6. cxd4 Bb4+ 7. Bd2 Nxe4 8.
Bxb4 Nxb4 9. Bxf7+ Kxf7 10. Qb3+ Kf8 11. Qxb4+ Qe7 12. Qa3 Nf6+ 13. Qxe7+ Kxe7
14. O-O b6 15. Re1+ Kd8 16. Ne5 Rf8 17. Nc3 Bb7 18. Rac1 d6 19. Nd3 Kd7 20. a4
a5 21. b4 Nd5 22. b5 Rae8 23. Red1 Nxc3 24. Rxc3 Re4 25. Nc1 Rfe8 26. Kf1 c6
27. f3 R4e7 28. Nd3 cxb5 29. axb5 Rc8 30. Rxc8 Kxc8 31. Nb2 Bd5 32. Na4 Bb3 33.
Rc1+ Rc7 34. Ra1 Kb7 35. Ra3 Bc4+ 36. Kf2 Bxb5 37. Ke3 Re7+ 38. Kf4 Bxa4 39.
Rxa4 Kc6 0-1

[Event "XIII Open A"]
[Site "Bergamo ITA"]
[Date "2014.07.19"]
[Round "3"]
[White "Srebrnic, Vojko"]
[Black "Dimitrijevic, Aleksandra"]
[WhiteElo "2171"]
[BlackElo "2275"]
[Result "1-0"]
[PlyCount "65"]
[EventDate "2014.07.18"]

1. e4 g6 2. f4 Bg7 3. Nf3 a6 4. d4 d5 5. e5 Bg4 6. h3 Bxf3 7. Qxf3 e6 8. Bd3 h5
9. g3 Nh6 10. Be3 Qe7 11. Nd2 Nd7 12. O-O Nf5 13. Bf2 b5 14. Nb3 c6 15. a4 Qd8
16. axb5 axb5 17. Rxa8 Qxa8 18. Ra1 Qc8 19. Qd1 Bf8 20. Qe1 Nb6 21. Qa5 Qd8 22.
Bxb5 cxb5 23. Qxb5+ Nd7 24. Ra7 Be7 25. Qc6 O-O 26. Qxd7 Qxd7 27. Rxd7 Rc8 28.
g4 Bh4 29. gxf5 Bxf2+ 30. Kxf2 Rxc2+ 31. Ke3 gxf5 32. Nd2 Rxb2 33. Nf3 1-0

[Event "XIII Open A"]
[Site "Bergamo ITA"]
[Date "2014.07.19"]
[Round "4"]
[White "Capone, Nicola"]
[Black "Spornberger, Andre"]
[WhiteElo "2231"]
[BlackElo "2115"]
[Result "1/2-1/2"]
[PlyCount "114"]
[EventDate "2014.07.18"]

1. e4 e6 2. d4 d5 3. Nc3 Bb4 4. e5 c5 5. Bd2 cxd4 6. Nb5 Bc5 7. b4 Be7 8. Nf3
Nc6 9. Nbxd4 a6 10. c3 Qc7 11. Nxc6 bxc6 12. Bd3 Nh6 13. O-O a5 14. a4 Bd7 15.
bxa5 Qxa5 16. Qc1 Nf5 17. c4 Bb4 18. Bxb4 Qxb4 19. Bxf5 exf5 20. cxd5 cxd5 21.
Rb1 Qxa4 22. Qc5 Qc6 23. Qb4 Qc4 24. Qd6 Qc6 25. Rb8+ Rxb8 26. Qxb8+ Qc8 27.
Qd6 Qc6 28. Qa3 Qa4 29. Qxa4 Bxa4 30. Ra1 Bc6 31. Nd4 Bb7 32. Ra7 Bc8 33. Nxf5
Bxf5 34. Ra8+ Ke7 35. Rxh8 d4 36. Kf1 Ke6 37. Re8+ Kd5 38. Re7 Be6 39. f4 Ke4
40. g3 h5 41. Ra7 g6 42. Ra3 Bd5 43. Ra4 Be6 44. Rb4 Bg4 45. Kf2 Be6 46. Rb2
Bc4 47. Rb1 Be6 48. Re1+ Kd5 49. Rb1 Ke4 50. Rb5 Bc4 51. Ra5 Be6 52. Rc5 Bf5
53. Rc4 Be6 54. Rb4 Bf5 55. Rb3 Bg4 56. Rb7 Be6 57. Rb4 Bf5 1/2-1/2

[Event "XIII Open A"]
[Site "Bergamo ITA"]
[Date "2014.07.19"]
[Round "4"]
[White "Cattaneo, Marco"]
[Black "Spornberger, Maximilian"]
[WhiteElo "2141"]
[BlackElo "2282"]
[Result "1/2-1/2"]
[PlyCount "60"]
[EventDate "2014.07.18"]

1. g3 g6 2. Bg2 Bg7 3. c4 d6 4. Nc3 e5 5. d3 Nc6 6. Rb1 Be6 7. e3 f5 8. Nge2
Qd7 9. O-O Nf6 10. Nd5 O-O 11. b4 Nd8 12. b5 Kh8 13. a4 Rc8 14. Ba3 b6 15. a5
Nxd5 16. cxd5 Bg8 17. a6 Nf7 18. Qc2 h5 19. Rfc1 g5 20. f4 Rfe8 21. Re1 Re7 22.
fxg5 Nxg5 23. Rec1 Bh6 24. Qc6 Rf8 25. Qxd7 Rxd7 26. Rf1 Nh7 27. e4 fxe4 28.
dxe4 Nf6 29. Bc1 Bxc1 30. Rbxc1 Bh7 1/2-1/2

[Event "XIII Open A"]
[Site "Bergamo ITA"]
[Date "2014.07.19"]
[Round "4"]
[White "Dvirnyy, Danyyil"]
[Black "Korneev, Oleg"]
[WhiteElo "2529"]
[BlackElo "2594"]
[Result "1-0"]
[PlyCount "63"]
[EventDate "2014.07.18"]

1. Nf3 d5 2. c4 d4 3. b4 g6 4. g3 Bg7 5. Bg2 e5 6. d3 Ne7 7. O-O O-O 8. a4 a5
9. b5 c5 10. Ra2 Bf5 11. Nh4 Ra7 12. Nxf5 Nxf5 13. e4 Nd6 14. f4 Nd7 15. Raf2
exf4 16. gxf4 f5 17. e5 Ne8 18. Bd5+ Kh8 19. Qf3 b6 20. h4 Qxh4 21. Rh2 Qg4+
22. Qxg4 fxg4 23. Kg2 h6 24. Nd2 g5 25. e6 gxf4 26. exd7 Rxd7 27. Ne4 f3+ 28.
Kf2 Nf6 29. Bxh6 g3+ 30. Kxg3 Nxe4+ 31. Bxe4 Be5+ 32. Bf4+ 1-0

[Event "XIII Open A"]
[Site "Bergamo ITA"]
[Date "2014.07.19"]
[Round "4"]
[White "Hamitevici, Vladimir"]
[Black "Georgiev, Kiril D."]
[WhiteElo "2457"]
[BlackElo "2631"]
[Result "1/2-1/2"]
[PlyCount "127"]
[EventDate "2014.07.18"]

1. Nf3 Nf6 2. g3 d5 3. Bg2 g6 4. c4 Bg7 5. cxd5 Nxd5 6. Nc3 Nb6 7. d3 Nc6 8. a3
O-O 9. O-O h6 10. Be3 e5 11. Rc1 Nd4 12. Re1 c6 13. Ne4 Nd5 14. Bd2 Re8 15. e3
Ne6 16. Qc2 Re7 17. b4 a6 18. Red1 Kh7 19. Be1 Bd7 20. h4 h5 21. a4 Kg8 22. Qb3
Be8 23. Nc5 Nxc5 24. bxc5 a5 25. Rc4 Bd7 26. e4 Nf6 27. Ng5 Qe8 28. Rc2 Nh7 29.
Rb2 Nxg5 30. hxg5 Be6 31. Qc2 Rd7 32. Rdb1 Ra7 33. Bd2 Qd8 34. Bf1 Bg4 35. Kg2
Kh7 36. f3 Be6 37. Be2 f6 38. gxf6 Qxf6 39. Qc1 Qe7 40. Be3 Kg8 41. Qd2 Bf6 42.
Rh1 Ra8 43. Rbb1 Bf7 44. f4 exf4 45. gxf4 Bd4 46. Bxd4 Rxd4 47. Qb2 Rad8 48.
Qxb7 Qxc5 49. Rbc1 Qd6 50. Rhf1 c5 51. Rf2 Rxa4 52. Qb5 Ra2 53. Qxc5 Qxc5 54.
Rxc5 a4 55. Ra5 a3 56. f5 gxf5 57. Raxf5 Rd7 58. Rg5+ Kh7 59. Bxh5 Rxf2+ 60.
Kxf2 Kh6 61. Ra5 Bxh5 62. Rxa3 Kg7 63. Ke3 Bf7 64. Ra6 1/2-1/2

[Event "XIII Open A"]
[Site "Bergamo ITA"]
[Date "2014.07.19"]
[Round "4"]
[White "Ivanisevic, Ivan"]
[Black "Rombaldoni, Axel"]
[WhiteElo "2608"]
[BlackElo "2505"]
[Result "1-0"]
[PlyCount "101"]
[EventDate "2014.07.18"]

1. d4 e6 2. c4 Bb4+ 3. Nd2 b6 4. a3 Bxd2+ 5. Qxd2 Nf6 6. Nf3 Bb7 7. e3 Ne4 8.
Qc2 O-O 9. b3 f5 10. Bb2 d6 11. d5 e5 12. Bd3 Nd7 13. Bxe4 fxe4 14. Nd2 Qg5 15.
O-O c6 16. Nxe4 Qg6 17. Qd3 cxd5 18. cxd5 a5 19. Rfd1 Ba6 20. Qb1 Rac8 21. Rd2
Nc5 22. Nxc5 Qxb1+ 23. Rxb1 Rxc5 24. f3 Rfc8 25. a4 b5 26. axb5 Rxb5 27. Ba3
Rb6 28. e4 Rc3 29. Ra2 Bd3 30. Rc1 Rxc1+ 31. Bxc1 Rxb3 32. Rxa5 Rb1 33. Ra8+
Kf7 34. Rc8 Ke7 35. Kf2 Kd7 36. Rc3 Bb5 37. h4 h5 38. Bg5 Rb2+ 39. Kg1 Rb1+ 40.
Kh2 Rb2 41. Ra3 Bf1 42. Ra1 Be2 43. Ra7+ Kc8 44. Kg1 Rb7 45. Ra8+ Rb8 46. Ra2
Bd3 47. Be7 Rb6 48. Ra7 g6 49. Ra8+ Kd7 50. Bf6 Rb1+ 51. Kh2 1-0

[Event "XIII Open A"]
[Site "Bergamo ITA"]
[Date "2014.07.19"]
[Round "4"]
[White "Negro, Roberto"]
[Black "Solomon, Kenny"]
[WhiteElo "2179"]
[BlackElo "2376"]
[Result "0-1"]
[PlyCount "72"]
[EventDate "2014.07.18"]

1. c4 Nf6 2. g3 c5 3. Bg2 e6 4. Nf3 Be7 5. O-O O-O 6. b3 Nc6 7. Bb2 b6 8. e3
Bb7 9. Qe2 d5 10. Rd1 dxc4 11. bxc4 Qc7 12. Nc3 Rac8 13. Rab1 Rfd8 14. Nb5 Qb8
15. d3 Rd7 16. Ba1 Rcd8 17. a3 Qa8 18. Ne1 Na5 19. Bh3 Ne8 20. f4 Bf6 21. Nc3
g6 22. g4 Bg7 23. f5 exf5 24. gxf5 Re7 25. Nb5 Bxa1 26. Rxa1 Qb8 27. Qf2 a6 28.
f6 Re5 29. Nc3 Rg5+ 30. Ng2 Qe5 31. Na4 Rd6 32. d4 cxd4 33. exd4 Qxf6 34. Qe2
Re6 35. Qd3 Be4 36. Qc3 Bxg2 0-1

[Event "XIII Open A"]
[Site "Bergamo ITA"]
[Date "2014.07.19"]
[Round "4"]
[White "Pitzanti, Matteo"]
[Black "Sgnaolin, Davide"]
[WhiteElo "1898"]
[BlackElo "2213"]
[Result "1/2-1/2"]
[PlyCount "24"]
[EventDate "2014.07.18"]

1. d4 Nf6 2. Nf3 e6 3. e3 c5 4. Bd3 b6 5. O-O Bb7 6. Nbd2 Be7 7. b3 Nc6 8. a3
O-O 9. Bb2 cxd4 10. exd4 d6 11. Re1 Re8 12. Nf1 Bf8 1/2-1/2

[Event "XIII Open A"]
[Site "Bergamo ITA"]
[Date "2014.07.19"]
[Round "4"]
[White "Srebrnic, Vojko"]
[Black "Aghayev, Miragha"]
[WhiteElo "2171"]
[BlackElo "2364"]
[Result "1-0"]
[PlyCount "61"]
[EventDate "2014.07.18"]

1. e4 c5 2. f4 d5 3. Bb5+ Bd7 4. Bxd7+ Qxd7 5. d3 Nc6 6. Nc3 e6 7. Nf3 d4 8.
Ne2 f5 9. Ng3 O-O-O 10. O-O Bd6 11. Qe2 Nh6 12. Nd2 Bc7 13. a4 g6 14. Nc4 Nf7
15. e5 h5 16. Nh1 h4 17. Nf2 g5 18. Bd2 gxf4 19. Bxf4 Rdg8 20. Nh3 Rg4 21. Rae1
Rhg8 22. Rf2 a6 23. Qf3 Kb8 24. Rfe2 Nb4 25. Nd6 Nd5 26. Qxd5 exd5 27. e6 Bxd6
28. exd7 Kc7 29. Bxd6+ Nxd6 30. Re8 Kxd7 31. Nf4 1-0

[Event "XIII Open A"]
[Site "Bergamo ITA"]
[Date "2014.07.19"]
[Round "4"]
[White "Wantiez, Fabrice"]
[Black "Allaert, Dimitri"]
[WhiteElo "2299"]
[BlackElo "2136"]
[Result "0-1"]
[PlyCount "56"]
[EventDate "2014.07.18"]

1. e4 e5 2. Nf3 Nc6 3. Bb5 a6 4. Ba4 Nf6 5. O-O Be7 6. Re1 b5 7. Bb3 O-O 8. Nc3
d6 9. Nd5 Na5 10. d4 c6 11. dxe5 dxe5 12. Nxf6+ Bxf6 13. Qxd8 Rxd8 14. Bd2 Nxb3
15. cxb3 Bg4 16. Be3 Bxf3 17. gxf3 Rd6 18. Rec1 Rad8 19. Kf1 h6 20. Ke2 Bg5 21.
Rc2 Bxe3 22. Kxe3 Kf8 23. Rac1 Ke7 24. Rxc6 Rd2 25. Rc7+ Kf6 26. R1c6+ Kg5 27.
f4+ Kg4 28. h3+ Kxh3 0-1

[Event "XIII Open A"]
[Site "Bergamo ITA"]
[Date "2014.07.19"]
[Round "4"]
[White "Yin, Stanley"]
[Black "Player, Edmund C."]
[WhiteElo "2023"]
[BlackElo "2249"]
[Result "1/2-1/2"]
[PlyCount "113"]
[EventDate "2014.07.18"]

1. g3 d5 2. c3 Nf6 3. Nf3 c6 4. Na3 Nbd7 5. d4 e6 6. Nc2 Bd6 7. Bg2 O-O 8. O-O
Re8 9. Bg5 h6 10. Bxf6 Qxf6 11. e4 Qd8 12. e5 Be7 13. Nd2 c5 14. Qh5 cxd4 15.
Nxd4 Nb8 16. Kh1 Qb6 17. b3 Nc6 18. Nc2 Qc5 19. c4 Bd7 20. Ne3 dxc4 21. Nexc4
f5 22. Rfc1 Nxe5 23. Nxe5 Qxe5 24. Bxb7 Rab8 25. Bg2 Qf6 26. Rc7 Red8 27. Nc4
a6 28. f4 Rbc8 29. Rxc8 Rxc8 30. Nb6 Be8 31. Qd1 Rd8 32. Qe2 Bb5 33. Nc4 Rd4
34. Re1 Bb4 35. Rd1 Rxd1+ 36. Qxd1 Qc3 37. Ne5 Qe3 38. Bf3 Qe1+ 39. Qxe1 Bxe1
40. Bh5 Kf8 41. Ng6+ Kf7 42. Ne5+ Ke7 43. Kg2 Kd6 44. a4 Bc6+ 45. Nxc6 Kxc6 46.
Be2 a5 47. Bc4 Kd6 48. Kf3 g5 49. g4 Bd2 50. gxf5 exf5 51. fxg5 hxg5 52. h3 Ke5
53. Bg8 Kf6 54. Bc4 Bb4 55. Bg8 Kg6 56. Bc4 Kh6 57. Be6 1/2-1/2

[Event "XIII Open A"]
[Site "Bergamo ITA"]
[Date "2014.07.20"]
[Round "5"]
[White "Allaert, Dimitri"]
[Black "Dimitrijevic, Aleksandra"]
[WhiteElo "2136"]
[BlackElo "2275"]
[Result "0-1"]
[PlyCount "42"]
[EventDate "2014.07.18"]

1. e4 d6 2. d4 Nf6 3. Nc3 Nbd7 4. Nf3 e5 5. g4 Nxg4 6. Rg1 exd4 7. Nxd4 Nge5 8.
Bg5 Nf6 9. f4 Ng6 10. Qe2 h6 11. Bxf6 gxf6 12. Qf2 h5 13. Bd3 Bh6 14. Nde2 c6
15. e5 fxe5 16. Rxg6 fxg6 17. Bxg6+ Kd7 18. O-O-O Rf8 19. Qc5 Ke7 20. Qg1 Bg4
21. Kb1 Rg8 0-1

[Event "XIII Open A"]
[Site "Bergamo ITA"]
[Date "2014.07.20"]
[Round "5"]
[White "Capone, Nicola"]
[Black "Yin, Stanley"]
[WhiteElo "2231"]
[BlackElo "2023"]
[Result "1-0"]
[PlyCount "73"]
[EventDate "2014.07.18"]

1. e4 d5 2. exd5 Qxd5 3. Nc3 Qa5 4. Bc4 Nf6 5. d3 c6 6. Bd2 Qc7 7. Qe2 Bg4 8.
f3 Bd7 9. d4 e6 10. O-O-O Bd6 11. g3 O-O 12. Ne4 Nxe4 13. Qxe4 e5 14. Bc3 Re8
15. dxe5 Bxe5 16. Bxe5 Qxe5 17. Qxe5 Rxe5 18. f4 Re4 19. Bb3 Kf8 20. Nf3 Bg4
21. Rd8+ Ke7 22. Ng5 Kxd8 23. Nxe4 f6 24. Nd6 b6 25. Re1 Kd7 26. Ne8 Na6 27.
Nxg7 Rf8 28. Be6+ Bxe6 29. Nxe6 Rf7 30. f5 Kd6 31. c3 Re7 32. Rd1+ Ke5 33. Nd4
Rc7 34. Re1+ Kd5 35. Re6 c5 36. Nb5 Rf7 37. c4+ 1-0

[Event "XIII Open A"]
[Site "Bergamo ITA"]
[Date "2014.07.20"]
[Round "5"]
[White "Dvirnyy, Danyyil"]
[Black "Ivanisevic, Ivan"]
[WhiteElo "2529"]
[BlackElo "2608"]
[Result "0-1"]
[PlyCount "106"]
[EventDate "2014.07.18"]

1. d4 Nf6 2. c4 c5 3. d5 g6 4. Nc3 Bg7 5. e4 O-O 6. Nf3 e6 7. Be2 d6 8. O-O Re8
9. Bf4 exd5 10. exd5 Ne4 11. Nxe4 Rxe4 12. Bg5 Qf8 13. Bd3 Re8 14. Qd2 Bg4 15.
Qf4 Bxf3 16. Qxf3 Nd7 17. Qd1 Bh6 18. Bh4 f5 19. f3 Be3+ 20. Kh1 Qh6 21. Be1 f4
22. g4 fxg3 23. Bxg3 Bf4 24. Kg2 Re5 25. Bxf4 Qxf4 26. Qc1 Rg5+ 27. Kh1 Rf8 28.
Qxf4 Rxf4 29. b3 Re5 30. Kg2 Rd4 31. Rad1 Re3 32. Bb1 Re2+ 33. Kg3 Rxd1 34.
Rxd1 Nf6 35. f4 Nh5+ 36. Kf3 Rxh2 37. f5 gxf5 38. Bxf5 Rxa2 39. Re1 Rb2 40. Re7
Rxb3+ 41. Kg4 Kf8 42. Re6 Ng7 43. Rxd6 Nxf5 44. Kxf5 Ke7 45. Rh6 Rf3+ 46. Ke5
Rf7 47. Rh1 Kd7 48. Rh2 Re7+ 49. Kf5 b5 50. d6 Kxd6 51. Rh6+ Kc7 52. cxb5 Kb7
53. Kf6 Rc7 0-1

[Event "XIII Open A"]
[Site "Bergamo ITA"]
[Date "2014.07.20"]
[Round "5"]
[White "Georgiev, Kiril D."]
[Black "Rombaldoni, Axel"]
[WhiteElo "2631"]
[BlackElo "2505"]
[Result "1/2-1/2"]
[PlyCount "72"]
[EventDate "2014.07.18"]

1. d4 e6 2. c4 b6 3. a3 Bb7 4. Nc3 f5 5. d5 Nf6 6. g3 Na6 7. Bg2 Nc5 8. Nh3 Bd6
9. O-O O-O 10. Qc2 a5 11. Rd1 Qe7 12. Be3 exd5 13. cxd5 Ng4 14. Bg5 Qf7 15. Bf4
Qh5 16. Rd4 Rf6 17. Rad1 Raf8 18. b4 axb4 19. axb4 Ne4 20. Nxe4 fxe4 21. Qxe4
Bxf4 22. gxf4 c5 23. bxc5 bxc5 24. Ra4 g5 25. Rb1 Rxf4 26. Nxf4 Rxf4 27. Qe7
Qxh2+ 28. Kf1 Rxf2+ 29. Ke1 Qg1+ 30. Kd2 Qxb1 31. Rxg4 h6 32. Bf3 Rf1 33. Qe8+
Kg7 34. Qxd7+ Kg8 35. Qe8+ Kg7 36. Qe7+ Kg8 1/2-1/2

[Event "XIII Open A"]
[Site "Bergamo ITA"]
[Date "2014.07.20"]
[Round "5"]
[White "Hamitevici, Vladimir"]
[Black "Srebrnic, Vojko"]
[WhiteElo "2457"]
[BlackElo "2171"]
[Result "1-0"]
[PlyCount "117"]
[EventDate "2014.07.18"]

1. d4 Nf6 2. Nf3 e6 3. c4 Bb4+ 4. Nbd2 b6 5. g3 Bb7 6. Bg2 O-O 7. O-O Bxd2 8.
Qxd2 d6 9. b3 Nbd7 10. Bb2 Be4 11. Qe3 Re8 12. Bh3 Bf5 13. Bxf5 exf5 14. Qd3
Qe7 15. Rae1 Qe4 16. Qd2 Qg4 17. Kg2 Qe4 18. Kg1 Qg4 19. Nh4 Re7 20. f3 Qh5 21.
Qd3 g6 22. Bc1 Rae8 23. Ng2 g5 24. Rf2 Qg6 25. Ne3 f4 26. Nf5 fxg3 27. Nxe7+
Rxe7 28. Qxg6+ hxg6 29. hxg3 g4 30. Bd2 Kg7 31. Kg2 c5 32. dxc5 dxc5 33. Rd1
Kf8 34. Bg5 Re6 35. Kf1 Ke8 36. Rh2 Kf8 37. Rh8+ Kg7 38. Ra8 Ne5 39. Kf2 Nc6
40. Rh1 Ng8 41. fxg4 f6 42. Bc1 g5 43. Bb2 Rd6 44. Bc3 Nh6 45. Kf3 Nf7 46. Rh5
Rd7 47. Re8 Nce5+ 48. Bxe5 Nxe5+ 49. Rxe5 fxe5 50. Rxg5+ Kf6 51. Rf5+ Ke6 52.
Rf8 Rd2 53. g5 Rd1 54. Kg4 Ke7 55. Rf5 Rd4+ 56. Kh5 Ke6 57. Rf2 Re4 58. g6 Re3
59. Rf3 1-0

[Event "XIII Open A"]
[Site "Bergamo ITA"]
[Date "2014.07.20"]
[Round "5"]
[White "Korneev, Oleg"]
[Black "Solomon, Kenny"]
[WhiteElo "2594"]
[BlackElo "2376"]
[Result "1/2-1/2"]
[PlyCount "77"]
[EventDate "2014.07.18"]

1. e4 e5 2. Nf3 Nc6 3. Bb5 a6 4. Ba4 Nf6 5. O-O Be7 6. Re1 b5 7. Bb3 d6 8. c3
O-O 9. h3 Bb7 10. d4 Re8 11. Nbd2 Bf8 12. d5 Nb8 13. Nf1 Nbd7 14. N3h2 Nc5 15.
Bc2 c6 16. b4 Ncd7 17. dxc6 Bxc6 18. Bg5 h6 19. Bxf6 Nxf6 20. Ng4 a5 21. Nxf6+
Qxf6 22. Ne3 axb4 23. cxb4 d5 24. exd5 Bd7 25. a3 e4 26. Nf1 Qg6 27. f3 Bxh3
28. Qd2 Bf5 29. fxe4 Bxe4 30. Rxe4 Rxe4 31. d6 Rd8 32. Bxe4 Qxe4 33. d7 Qb7 34.
Rd1 Qa7+ 35. Kh1 Qxa3 36. Re1 Qa7 37. Rd1 Qa3 38. Re1 Qa7 39. Rd1 1/2-1/2

[Event "XIII Open A"]
[Site "Bergamo ITA"]
[Date "2014.07.20"]
[Round "5"]
[White "Lagumina, Giulio"]
[Black "Guanciale, Orazio"]
[WhiteElo "2337"]
[BlackElo "2148"]
[Result "1-0"]
[PlyCount "45"]
[EventDate "2014.07.18"]

1. e4 e6 2. d4 d5 3. Nc3 Bb4 4. exd5 exd5 5. Bd3 Nc6 6. a3 Bxc3+ 7. bxc3 Nge7
8. Qh5 Be6 9. Rb1 b6 10. Nf3 Qd7 11. Ng5 O-O-O 12. Nxe6 Qxe6+ 13. Be3 g6 14.
Qf3 Nf5 15. O-O Nxe3 16. Rfe1 Rhe8 17. Rxe3 Qd7 18. Rbe1 Rxe3 19. Rxe3 Kb7 20.
g3 f5 21. Qe2 a5 22. Ba6+ Ka7 23. Bb5 1-0

[Event "XIII Open A"]
[Site "Bergamo ITA"]
[Date "2014.07.20"]
[Round "5"]
[White "Player, Edmund C."]
[Black "Cattaneo, Marco"]
[WhiteElo "2249"]
[BlackElo "2141"]
[Result "1-0"]
[PlyCount "69"]
[EventDate "2014.07.18"]

1. e4 c5 2. Nc3 Nc6 3. Bb5 Nd4 4. Bc4 g6 5. Nge2 Bg7 6. Nxd4 cxd4 7. Ne2 d6 8.
c3 Nf6 9. d3 dxc3 10. Nxc3 O-O 11. O-O b6 12. f4 Bb7 13. Bb3 b5 14. Kh1 b4 15.
Ne2 e5 16. a3 bxa3 17. Rxa3 d5 18. fxe5 Ng4 19. d4 Qh4 20. Bf4 dxe4 21. Bg3 Qe7
22. Ba2 Nh6 23. Be1 Rfd8 24. Rh3 Bd5 25. Bxd5 Rxd5 26. Qc2 Rad8 27. Qxe4 f6 28.
Bc3 fxe5 29. dxe5 Nf5 30. Nf4 Rd1 31. Rhf3 Nh4 32. R3f2 Qc5 33. Qe2 Rxf1+ 34.
Rxf1 Nf5 35. Ne6 1-0

[Event "XIII Open A"]
[Site "Bergamo ITA"]
[Date "2014.07.20"]
[Round "5"]
[White "Spornberger, Andre"]
[Black "Herman, Jean"]
[WhiteElo "2115"]
[BlackElo "2218"]
[Result "1/2-1/2"]
[PlyCount "135"]
[EventDate "2014.07.18"]

1. e4 g6 2. d4 c5 3. Nf3 Bg7 4. Nc3 cxd4 5. Nxd4 d6 6. Bc4 Nf6 7. O-O O-O 8.
Bb3 Nc6 9. Nf3 Bg4 10. h3 Bxf3 11. Qxf3 Nd4 12. Qd1 Nxb3 13. axb3 a6 14. Bf4
Rc8 15. Re1 Nd7 16. Qd2 Re8 17. Bh6 Bh8 18. Bg5 Nc5 19. Rad1 Ne6 20. Bh4 Qa5
21. Re3 Rc6 22. Nd5 Qxd2 23. Rxd2 g5 24. Bxg5 Nxg5 25. Rg3 h6 26. h4 Bxb2 27.
hxg5 hxg5 28. Rxg5+ Kf8 29. Re2 e6 30. Nb4 Rc7 31. c4 Bd4 32. Rg3 Ke7 33. Rd3
Bc5 34. Nc2 b5 35. cxb5 axb5 36. b4 Ba7 37. Na3 Rb8 38. g3 Rb6 39. Kg2 Bb8 40.
f4 Ra7 41. Kf3 Ra4 42. Rb2 Kd7 43. Rbb3 Ke7 44. g4 Ra7 45. Rbc3 Ra4 46. Rb3 Ra7
47. g5 Rc7 48. Rbc3 Kf8 49. Kg4 Kg7 50. f5 Rxc3 51. f6+ Kh7 52. Rxc3 d5 53.
exd5 exd5 54. Rh3+ Kg8 55. Rd3 Bd6 56. Rxd5 Bxb4 57. Nxb5 Bf8 58. Nc3 Rb2 59.
Rd8 Rg2+ 60. Kf5 Rf2+ 61. Ke5 Rf1 62. Nd5 Re1+ 63. Kf4 Rf1+ 64. Ke3 Re1+ 65.
Kf2 Re5 66. Ne7+ Kh7 67. Rxf8 Re2+ 68. Kxe2 1/2-1/2